000 00562nam a22002057a 4500
003 OSt
005 20150221112624.0
008 150116b xxu||||| |||| 00| 0 eng d
020 _a0-7506-0657-6
040 _cBMC
082 _a658.15
100 1 _aWard, Keith
_930244
245 1 0 _aCorporate financial strategy
_cKeith Ward
250 _a1ª ed., reimp
260 _aBoston [etc.]
_bButterworth-Heinemannm
_c1993
300 _aX, 289 p.
_bil.
_c25 cm
650 2 4 _aPlanificación de empresas
_96422
650 2 4 _aEmpresas
_95713
_xFinanzas
942 _2ddc
_cBK
999 _c17381
_d17381